000
00337nam a2200133Ia 4500
008
230516s9999 xx 000 0 und d
041
_a
eng
082
_a
612.015/GUP
100
_a
GUPTA R. C.
245
_a
PRACTICAL BIOCHEMISTRY
260
_b
CBS Publication
_c
2014
300
_a
207
650
_a
BIOCHEMISTRY AND CLINICAL PATHOLOGY
999
_c
392187
_d
392187